000 01440cam a22003977a 4500
003 CHAP
005 20220817043416.0
008 971202d1997 mx r 00110 spa d
010 _a74642
011 _a75614
035 _a85180
040 _cCHAP
090 _aTesis
100 0 0 _aCruz Aguilar, Rubén Darío.
_929277
245 1 3 _aEl TLCAN y el mercado de las flores mexicanas en el oeste de Canadá
_c/por Rubén Darío Cruz Aguilar
260 _aChapingo, Méx. :
_bEl autor,
_c1997.
300 _a90 h. :
_bgráfs.
502 _aTesis (Lic. en Comercio Internacional de Productos Agropecuarios) -- UACH. Departamento de Economía Agrícola
590 _aALEPH
_b10
_c20130110
_lUCH01
_h1420
590 _aBATCH-UPD
_b10
_c20130110
_lUCH01
_h0657
590 _aBATCH-UPD
_b10
_c20130410
_lUCH01
_h0342
590 _aBATCH-UPD
_b10
_c20130914
_lUCH01
_h1016
590 _aCONVERSION
_b10
_c20130109
_lUCH01
_h1341
650 1 4 _aFlores
_xExportación.
_941378
650 1 4 _aFlores
_xMercadeo.
_941388
650 1 4 _aFloricultura
_zMéxico.
_941852
650 1 4 _aTratado Trilateral de Libre Comercio.
650 2 4 _aComercio internacional.
_925641
650 2 4 _aFlores
_xCorte.
_941368
901 _aBK
905 _aLilia Sánchez G.
942 _cFOLL
949 _bBC
_cTES
_d33724000585774
_eTS2
_fc.2
_h31950
_i85180
_si
949 _bBC
_cTES
_d33724000600045
_eTS2
_fc.3
_h32678
_i85180
_si
949 _bBC
_cTES
_d851801
_eTS1
_h31949
_i85180
_sb
999 _c74642
_d74642